| 000 | 00729cam a22002534a 4500 | ||
|---|---|---|---|
| 001 | 13876310 | ||
| 003 | 0 | ||
| 005 | 20250626130304.0 | ||
| 008 | 050217s2006 njua b 001 0 eng | ||
| 010 | _a 2005043550 | ||
| 020 | _a0131937839 | ||
| 020 | _a9780131937833 | ||
| 040 | _cSPU | ||
| 050 | 0 | 0 |
_aBF76.5 _b.S24 2006 |
| 100 | 1 | _aSalkind, Neil J. | |
| 245 | 1 | 0 | _aExploring research / |
| 250 | _a6th ed. | ||
| 260 |
_aUpper Saddle River, N.J. : _bPearson Prentice Hall, _cc2006. |
||
| 300 |
_axxii, 323 p. : _bill. ; _c27 cm. |
||
| 504 | _aIncludes bibliographical references (p. 301-303) and index. | ||
| 650 | 0 |
_aPsychology _xResearch _xMethodology. |
|
| 650 | 0 |
_aEducation _xResearch _xMethodology. |
|
| 942 |
_2lcc _cBK |
||
| 999 |
_c48786 _d48786 |
||